00818nac a22002291u 4500010001600000020001500016020002200031082002200053090001500075100003400090245007000124260004900194300005500243490003200298500001400330500003800344504002600382650002600408942002400434999001500458952011500473 a 74167270 a0192649167 a0192649108 (pbk.)00a616.0756028bK521 c3621d3621 aKing, Maurice H. 12aA medical laboratory for developing countriesc[by] Maurice King. aLondon,bOxford University Press,1973c1973. a1 v. (various pagings)billus. (part col.)c26 cm.0 aOxford medical publications aDonations aDonations-Bibliotheca Alexandrina a bibliography:p.13.33 0aMedical laboratories. cBBk616.0756028K521 c3621d3621 00102ddc4070aMAINbMAINc1STd2007-05-02ePurchasel0o616.0756028 KINp000030287r2025-07-15 00:00:00yBB